| 000 | 01327cam a22003375a 4500 | ||
|---|---|---|---|
| 001 | 15670377 | ||
| 005 | 20090327071428.0 | ||
| 008 | 090323s2008 njua b 001 0 eng d | ||
| 010 | _a 2009277150 | ||
| 015 |
_aGBA789709 _2bnb |
||
| 016 | 7 |
_a014049008 _2Uk |
|
| 020 | _a9780135137116 | ||
| 020 | _a013513711x | ||
| 035 | _a(OCoLC)ocn166887344 | ||
| 040 |
_aIAH _cIAH _dBTCTA _dBAKER _dYDXCP _dUKM _dOIP _dAU@ _dNOC _dDLC |
||
| 042 | _alccopycat | ||
| 082 | 0 | 4 |
_a005.8 _222 _bSTA |
| 100 | 1 |
_aStallings, William. _93478 |
|
| 245 | 1 | 0 |
_aComputer security : _bPrinciples and practice / _cWilliam Stallings, Lawrie Brown ; with contributions by Mick Bauer, Michael Howard. |
| 260 |
_aUpper Saddle River, N.J. : _bPrentice Hall, _cc2008. |
||
| 300 |
_axviii, 798 p. : _bill. ; _c25 cm. |
||
| 504 | _aIncludes bibliographical references and index. | ||
| 650 | 0 |
_aComputer security. _93479 |
|
| 650 | 0 |
_aComputer networks _xSecurity measures. _93480 |
|
| 700 | 1 |
_aBrown, Lawrie. _93481 |
|
| 700 | 1 |
_aBauer, Michael D. _93482 |
|
| 700 | 1 |
_aHoward, Michael, _d1965- _93483 |
|
| 942 |
_2ddc _cBB |
||
| 999 |
_c11252 _d11252 |
||